[Event "Olimpiade 2024 - Donne"]
[Site "Budapest"]
[Date "16.09.2024"]
[Round "6.15"]
[Board "2"]
[White "Voicu-Jagodzinsky, Carmen"]
[Black "Repkova, Eva"]
[Result "0-1"]
[WhiteTitle "WGM"]
[BlackTitle "IM"]
[WhiteElo "2271"]
[BlackElo "2319"]
[WhiteTeam "Romania"]
[BlackTeam "Slovakia"]
[WhiteFideId "1206729"]
[BlackFideId "14900440"]
[EventDate "2024.09.11"]

1. e4 d5 2. exd5 Qxd5 3. Nc3 Qa5 4. d4 Nf6 5. Nf3 Bf5 6. Bc4 e6 7. Bd2 Bb4 8. a3
Bxc3 9. Bxc3 Qb6 10. O-O Nc6 11. a4 a5 12. Ra3 O-O 13. Ne5 Nxe5 14. dxe5 Rfd8
15. Qe2 Bg4 16. Qe3 Qxe3 17. fxe3 Nd5 18. Bxd5 Rxd5 19. Bd4 Bf5 20. c4 Rd7 21.
Rc3 h6 22. h3 Rad8 23. Rf2 Be4 24. Kh2 c5 25. Bxc5 Rd2 26. Kg3 Rxf2 27. Kxf2
Rd2+ 28. Ke1 Rxb2 29. g3 Rg2 30. Bb6 Rxg3 31. h4 Rg1+ 32. Kf2 Rg2+ 33. Ke1 Ra2
34. Bxa5 Rxa4 35. Bd8 Ra2 36. c5 Rg2 37. Ra3 Kh7 38. Kf1 Kg6 39. Ra4 Rg4 40. Rd4
h5 41. Rd6 Bd5 42. Kf2 Rc4 43. Be7 Kf5 44. Bf8 Kg6 45. Be7 Re4 46. Rb6 Rxe5 47.
Rb1 f6 48. Rg1+ Kf7 49. Bd6 Re4 50. Bg3 Rc4 51. Re1 Bc6 52. Re2 Rxc5 53. e4 e5
54. Re3 Rc4 55. Kf3 Ke6 0-1

[Event "Olimpiade 2024 - Donne"]
[Site "Budapest"]
[Date "16.09.2024"]
[Round "6.15"]
[Board "3"]
[White "Mrvova, Alena"]
[Black "Lehaci, Miruna-Daria"]
[Result "0-1"]
[WhiteTitle "WIM"]
[BlackTitle "WIM"]
[WhiteElo "2121"]
[BlackElo "2180"]
[WhiteTeam "Slovakia"]
[BlackTeam "Romania"]
[WhiteFideId "14902036"]
[BlackFideId "1234765"]
[EventDate "2024.09.11"]

1. e4 c5 2. Nf3 d6 3. d3 Nc6 4. g3 g6 5. Bg2 Bg7 6. O-O e5 7. c3 Nge7 8. a3 O-O
9. b4 a6 10. Be3 b6 11. Nbd2 h6 12. Nc4 f5 13. exf5 gxf5 14. Qc1 Kh7 15. bxc5
bxc5 16. Nh4 Be6 17. f4 e4 18. Nb2 Na5 19. dxe4 Nb3 20. Qc2 Nxa1 21. Rxa1 Rb8
22. exf5 Nxf5 23. Be4 Qf6 24. Nc4 d5 25. Bxf5+ Bxf5 26. Nxf5 Qxf5 27. Qxf5+ Rxf5
28. Ne5 Rc8 29. Rb1 Bxe5 30. fxe5 Rxe5 31. Rb7+ Kg6 32. Rb6+ Kf5 33. Bxh6 d4 34.
Kf2 Ke4 35. Bf4 Rd5 36. c4 Rh5 37. h4 Kd3 38. Rxa6 Kxc4 39. Ke2 Kc3 40. Kd1 c4
41. Rf6 Rb5 42. Bd2+ Kb2 43. a4 Rb3 44. Bc1+ Kb1 45. Rf1 Re8 0-1

[Event "Olimpiade 2024 - Donne"]
[Site "Budapest"]
[Date "16.09.2024"]
[Round "6.16"]
[Board "1"]
[White "Rivera, Ingris"]
[Black "Tsolakidou, Stavroula"]
[Result "0-1"]
[WhiteTitle "WIM"]
[BlackTitle "IM"]
[WhiteElo "2171"]
[BlackElo "2444"]
[WhiteTeam "Colombia"]
[BlackTeam "Greece"]
[WhiteFideId "4402472"]
[BlackFideId "4264312"]
[EventDate "2024.09.11"]

1. d4 Nf6 2. c4 g6 3. Nc3 Bg7 4. e4 d6 5. h3 O-O 6. Be3 Nbd7 7. g4 c5 8. d5 b5
9. cxb5 a6 10. a4 Qa5 11. Bd2 axb5 12. Nxb5 Qb6 13. Qc2 Ba6 14. Rb1 e6 15. g5
Nh5 16. Bc4 Ne5 17. Be2 exd5 18. exd5 Bc8 19. Qb3 Bf5 20. Ra1 Rfe8 21. Kf1 Be4
22. Rh2 c4 23. Qe3 Qxb5 24. axb5 Rxa1+ 25. Bc1 Nd3 26. f3 Rxc1+ 27. Kg2 Nhf4+
28. Kh1 Nxd5 29. Qd2 Bd4 30. Rg2 Be3 31. Bxd3 cxd3 32. fxe4 Bxd2 0-1

[Event "Olimpiade 2024 - Donne"]
[Site "Budapest"]
[Date "16.09.2024"]
[Round "6.16"]
[Board "2"]
[White "Avramidou, Anastasia"]
[Black "Argote Heredia, Valentina"]
[Result "1-0"]
[WhiteTitle "FM"]
[BlackTitle "WIM"]
[WhiteElo "2290"]
[BlackElo "2144"]
[WhiteTeam "Greece"]
[BlackTeam "Colombia"]
[WhiteFideId "4239873"]
[BlackFideId "4431022"]
[EventDate "2024.09.11"]

1. d4 Nf6 2. c4 e6 3. Nf3 d5 4. Nc3 Bb4 5. g3 O-O 6. Bg2 c5 7. cxd5 Nxd5 8. Bd2
cxd4 9. Nxd5 Bxd2+ 10. Qxd2 Qxd5 11. Qxd4 Qa5+ 12. Qd2 Qb6 13. O-O Rd8 14. Qc2
h6 15. Ne5 Nd7 16. Nc4 Qb4 17. Rfd1 Qe7 18. Qd2 Rf8 19. Rac1 Nf6 20. Qa5 Nd5 21.
e4 b6 22. Qd2 Nf6 23. e5 Nd5 24. Nd6 Ba6 25. b4 Rad8 26. Bxd5 exd5 27. Qxd5 Be2
28. Rd4 Bh5 29. Re1 Kh8 30. Re3 Qc7 31. Qc4 Qe7 32. Nf5 Qg5 33. Rxd8 Rxd8 34.
Nd6 Qe7 35. Qd5 Qc7 36. Kg2 Bg6 37. b5 Qe7 38. f4 f6 39. f5 Bh5 40. Rd3 Kh7 41.
e6 Be2 42. Rd2 Bxb5 43. Qxb5 Rxd6 44. Rxd6 Qxd6 45. Kh3 a6 46. Qd7 1-0

[Event "Olimpiade 2024 - Donne"]
[Site "Budapest"]
[Date "16.09.2024"]
[Round "6.17"]
[Board "2"]
[White "Klinova, Masha"]
[Black "Zhang, Jilin"]
[Result "1/2-1/2"]
[WhiteTitle "IM"]
[BlackTitle "WGM"]
[WhiteElo "2227"]
[BlackElo "2155"]
[WhiteTeam "Israel"]
[BlackTeam "Australia"]
[WhiteFideId "2802015"]
[BlackFideId "8602867"]
[EventDate "2024.09.11"]

1. e4 c5 2. Nf3 d6 3. Bb5+ Nd7 4. O-O a6 5. Bxd7+ Bxd7 6. d4 cxd4 7. Qxd4 e5 8.
Qd3 h6 9. c4 b5 10. Nfd2 Nf6 11. Nc3 b4 12. Nd5 Nxd5 13. Qxd5 Be7 14. a3 bxa3
15. b3 O-O 16. Bxa3 Be6 17. Qd3 Qb6 18. Kh1 a5 19. f3 Rfc8 20. Rfd1 Qc6 21. Rac1
Qa6 22. Rc3 Rc6 23. Ra1 Bd8 24. Bb2 Qb7 25. Rc2 Rca6 26. Bc3 Bg5 27. Rca2 Bxd2
28. Bxd2 Qc7 29. h3 a4 30. Rxa4 Rxa4 31. Rxa4 Rxa4 32. bxa4 Qxc4 33. Qxc4 1/2-1/2

[Event "Olimpiade 2024 - Donne"]
[Site "Budapest"]
[Date "16.09.2024"]
[Round "6.17"]
[Board "3"]
[White "Nguyen, Thu Giang"]
[Black "Orian, Noga"]
[Result "1/2-1/2"]
[WhiteTitle "WFM"]
[BlackTitle "WFM"]
[WhiteElo "2068"]
[BlackElo "2187"]
[WhiteTeam "Australia"]
[BlackTeam "Israel"]
[WhiteFideId "12400980"]
[BlackFideId "2836475"]
[EventDate "2024.09.11"]

1. e4 c5 2. Nf3 e6 3. c3 Nf6 4. Bd3 Nc6 5. Bc2 Qc7 6. d4 cxd4 7. Nxd4 a6 8. a4
b6 9. Be3 Bb7 10. Nd2 Ne5 11. Qe2 Rc8 12. f3 d5 13. Bg5 dxe4 14. Nxe4 Nd5 15.
Rd1 Be7 16. Bc1 Ng6 17. g3 Ne5 18. O-O Nc6 19. Nb3 h6 20. Rfe1 Rd8 21. Nf2 Kf8
22. Bd3 a5 23. Be4 h5 24. Bxd5 Rxd5 25. Rxd5 exd5 26. Bf4 Qd8 27. Nd4 Nxd4 28.
cxd4 g5 29. Bd2 Bd6 30. Nh3 Rg8 31. Qd3 Qf6 32. Qe3 Be7 33. Rc1 Qd6 34. Qd3 Bc6
35. b3 Bd7 36. Nf2 Rg6 37. Nd1 Kg8 38. Ne3 Bf6 39. Kg2 Qe6 40. g4 hxg4 41. fxg4
Qd6 42. Rf1 Bd8 43. Be1 Be6 44. Bg3 Qd7 45. h3 Bc7 46. Nf5 Bxg3 47. Qxg3 Kh7 48.
Qe5 Qd8 49. Ng3 Qc8 50. Qe3 Qc2+ 51. Rf2 Qd1 52. Rf1 Qc2+ 53. Rf2 Qd1 54. Ne2
Kg8 55. Ng3 Kh7 56. Rf1 1/2-1/2

[Event "Olimpiade 2024 - Donne"]
[Site "Budapest"]
[Date "16.09.2024"]
[Round "6.18"]
[Board "1"]
[White "Vanduyfhuys, Daria"]
[Black "Ouellet, Maili-Jade"]
[Result "0-1"]
[WhiteTitle "WFM"]
[BlackTitle "WGM"]
[WhiteElo "2112"]
[BlackElo "2318"]
[WhiteTeam "Belgium"]
[BlackTeam "Canada"]
[WhiteFideId "246336"]
[BlackFideId "2620472"]
[EventDate "2024.09.11"]

1. d4 Nf6 2. c4 e6 3. Nf3 d5 4. Nc3 Bb4 5. Bg5 h6 6. Bxf6 Qxf6 7. e3 O-O 8. Rc1
dxc4 9. Bxc4 c5 10. O-O cxd4 11. Nxd4 Bd7 12. Qb3 Nc6 13. Nxc6 Bxc3 14. Qxc3
Bxc6 15. Qxf6 gxf6 16. Rfd1 Rfd8 17. f3 Kf8 18. Kf2 Ke7 19. Bb3 a5 20. Rxd8 Rb8
21. Rc8 Rxc8 22. Rd1 Bb5 23. Rd4 Rc3 24. a3 Rc1 25. Rd1 Rc5 26. Rd4 Bc6 27. Rd2
a4 28. Bc2 f5 29. Ke2 Kf6 30. Kd1 Rc4 31. Bd3 Rh4 32. h3 f4 33. Ke2 Ke5 34. Rc2
fxe3 35. Kxe3 f5 36. Rc5+ Kd6 37. Ra5 Rh5 38. Ra8 Rg5 39. Kf2 f4 40. Rf8 Rd5 41.
Rd8+ Ke5 42. Rxd5+ Kxd5 43. h4 Kd4 44. Bc2 e5 45. Ke2 e4 46. fxe4 Bxe4 47. Bxa4
Bxg2 48. Bb5 Bd5 49. Kf2 Be4 50. Be2 b6 51. Bb5 Ke5 52. Bd7 Bd3 53. Kf3 Bc2 54.
Kf2 Bd1 55. Ke1 Bb3 56. Kf2 Bc4 57. Kf3 Bd5+ 58. Kf2 Ke4 59. Bb5 f3 60. Bf1 Kd4
61. Bb5 Bb7 62. Bf1 Bc6 63. Ba6 b5 64. b3 Kc3 65. a4 b4 66. Bc8 Kxb3 67. a5 Ka4
68. a6 Ka5 69. Ke3 Kb6 70. Kd2 Bb5 71. Ke3 Bxa6 72. Be6 Be2 0-1

[Event "Olimpiade 2024 - Donne"]
[Site "Budapest"]
[Date "16.09.2024"]
[Round "6.70"]
[White "Li, Yunshan"]
[Black "De Rycke, Tyani"]
[Result "0-1"]
[WhiteTitle "WIM"]
[BlackTitle "WFM"]
[WhiteElo "2268"]
[BlackElo "2110"]
[WhiteTeam "Canada"]
[BlackTeam "Belgium"]
[WhiteFideId "8607664"]
[BlackFideId "247936"]
[EventDate "2024.09.11"]

1. d4 Nf6 2. c4 g6 3. Nc3 Bg7 4. e4 d6 5. Nf3 Nbd7 6. Be2 O-O 7. O-O e5 8. Be3
c6 9. Qc2 Qe7 10. Rfd1 exd4 11. Nxd4 Nc5 12. f3 a5 13. Nb3 Ne6 14. Qd2 a4 15.
Nd4 a3 16. b4 Rd8 17. Rac1 Nc7 18. b5 Bd7 19. Nb3 Be6 20. Nd4 Bd7 21. Rb1 Ne6
22. Nxe6 Bxe6 23. Bg5 Rd7 24. bxc6 bxc6 25. Rb6 Rc8 26. Nb1 d5 27. e5 dxc4 28.
exf6 Rxd2 29. fxe7 Rxd1+ 30. Bxd1 Bd4+ 31. Kf1 Bxb6 32. Nxa3 Bc5 33. Nb1 f6 34.
Bxf6 Kf7 35. Bc3 Bxe7 36. Ke2 Bf5 37. Nd2 Bd3+ 38. Ke3 Bc5+ 39. Kf4 g5+ 40. Kxg5
Rg8+ 41. Kf4 Rxg2 42. h4 Be7 43. Ke3 Bxh4 44. f4 Bd8 45. Bh5+ Ke6 46. Kf3 Rg1
47. Bd4 Rc1 48. Be8 Ba5 49. Ne4 Kd5 0-1

[Event "Olimpiade 2024 - Donne"]
[Site "Budapest"]
[Date "16.09.2024"]
[Round "6.18"]
[Board "3"]
[White "Dierckens, Sarah"]
[Black "Pham, Bich Ngoc"]
[Result "1/2-1/2"]
[BlackTitle "WIM"]
[WhiteElo "1943"]
[BlackElo "2199"]
[WhiteTeam "Belgium"]
[BlackTeam "Canada"]
[WhiteFideId "205745"]
[BlackFideId "12401285"]
[EventDate "2024.09.11"]

1. e4 c5 2. Nf3 e6 3. d4 cxd4 4. Nxd4 a6 5. Nc3 Qc7 6. Be3 Nf6 7. f3 b5 8. Be2
Bb7 9. Qd2 Nc6 10. Nxc6 Bxc6 11. Bf4 e5 12. Be3 b4 13. Nd5 Bxd5 14. exd5 Bc5 15.
Bxc5 Qxc5 16. d6 O-O 17. O-O-O Rfc8 18. Bd3 Rc6 19. Rhe1 Rac8 20. Qe3 Qxe3+ 21.
Rxe3 e4 22. fxe4 Ng4 23. Re2 Ne5 24. Kb1 Rxd6 25. Red2 Rdc6 26. Be2 f6 27. Rd6
Rxc2 28. Bxa6 R8c7 29. R6d2 R2c5 30. Rd5 Rc2 31. R5d2 R2c5 32. Rd5 Rc2 1/2-1/2

[Event "Olimpiade 2024 - Donne"]
[Site "Budapest"]
[Date "16.09.2024"]
[Round "6.19"]
[Board "1"]
[White "Yao, Lan"]
[Black "Partac, Elena"]
[Result "1-0"]
[WhiteTitle "WGM"]
[BlackTitle "WGM"]
[WhiteElo "2353"]
[BlackElo "2078"]
[WhiteTeam "England"]
[BlackTeam "Moldova"]
[WhiteFideId "8610835"]
[BlackFideId "13901001"]
[EventDate "2024.09.11"]

1. e4 e5 2. Nf3 Nf6 3. Nxe5 d6 4. Nf3 Nxe4 5. d4 Be7 6. Bd3 Nf6 7. c4 O-O 8. h3
d5 9. c5 b6 10. cxb6 axb6 11. O-O Ba6 12. Nc3 c5 13. Re1 Bxd3 14. Qxd3 Nc6 15.
Bg5 c4 16. Qf5 Ra5 17. Rad1 Bb4 18. Ne5 Qc8 19. Qf4 Nd7 20. Nxc6 Qxc6 21. Be7
Bxe7 22. Rxe7 Raa8 23. Rde1 Rac8 24. R1e3 Nf6 25. g4 Rce8 26. g5 Ne4 27. Nxe4
dxe4 28. Qxe4 Qxe4 29. R3xe4 Rxe7 30. Rxe7 Rd8 31. Rc7 b5 32. Rc5 Kf8 33. d5 Rb8
34. Kg2 Ke8 35. Kf3 Kd7 36. Ke4 Rb6 37. Kd4 f6 38. gxf6 Rxf6 39. Rxb5 Rxf2 40.
Kc5 c3 41. bxc3 Rxa2 42. Rb7+ Kc8 43. Rxg7 Ra5+ 44. Kd4 1-0

[Event "Olimpiade 2024 - Donne"]
[Site "Budapest"]
[Date "16.09.2024"]
[Round "6.19"]
[Board "2"]
[White "Verbin, Valentina"]
[Black "Houska, Jovanka"]
[Result "0-1"]
[WhiteTitle "WFM"]
[BlackTitle "IM"]
[WhiteElo "2071"]
[BlackElo "2333"]
[WhiteTeam "Moldova"]
[BlackTeam "England"]
[WhiteFideId "13905910"]
[BlackFideId "405094"]
[EventDate "2024.09.11"]

1. e4 c6 2. Nc3 g6 3. d4 Bg7 4. h3 d6 5. Nf3 Nf6 6. Be2 O-O 7. a4 Nbd7 8. O-O e5
9. dxe5 dxe5 10. Be3 Qe7 11. Bc4 Nc5 12. Nd2 Rd8 13. Qb1 Ne6 14. Ne2 Nh5 15. Nf3
Nhf4 16. Nxf4 exf4 17. Bc1 Nd4 18. Ra3 g5 19. Re1 Nxf3+ 20. Rxf3 Qb4 21. Bxf4
gxf4 22. Bb3 Be6 23. Bxe6 fxe6 24. Rxf4 Qxb2 25. Qxb2 Bxb2 26. Rb1 Bg7 0-1

[Event "Olimpiade 2024 - Donne"]
[Site "Budapest"]
[Date "16.09.2024"]
[Round "6.19"]
[Board "3"]
[White "Hunt, Harriet V"]
[Black "Mihailova, Alina"]
[Result "1-0"]
[WhiteTitle "IM"]
[BlackTitle "WFM"]
[WhiteElo "2304"]
[BlackElo "1969"]
[WhiteTeam "England"]
[BlackTeam "Moldova"]
[WhiteFideId "403512"]
[BlackFideId "13907018"]
[EventDate "2024.09.11"]

1. e4 e5 2. Nf3 Nc6 3. Bb5 a6 4. Ba4 Nf6 5. O-O Be7 6. Re1 b5 7. Bb3 d6 8. c3
O-O 9. h3 Bb7 10. d4 Re8 11. Nbd2 Bf8 12. a4 Na5 13. Bc2 exd4 14. cxd4 b4 15. d5
g6 16. Nf1 Bg7 17. Bf4 Rb8 18. Rc1 Nd7 19. b3 Ne5 20. Nxe5 dxe5 21. Be3 c6 22.
d6 Re6 23. Bc5 Bf8 24. Bxb4 Bxd6 25. Bc3 Qb6 26. Qf3 Bb4 27. Red1 Bxc3 28. Rd7
Rf8 29. Qxc3 c5 30. Ne3 Qb4 31. Qxb4 cxb4 32. Rcd1 Bc8 33. R7d5 Nc6 34. Bd3 Nd4
35. Bc4 Re7 36. Rd6 Bb7 37. f3 a5 38. Ng4 Nc6 39. R1d5 Kg7 40. Rc5 h5 41. Ne3
Nd4 42. Rxa5 f5 43. exf5 gxf5 44. Nd5 Bxd5 45. Raxd5 f4 46. Rb6 Rf6 47. Rxf6
Kxf6 48. Rd6+ Kg5 49. a5 Rg7 50. Kf2 Nc2 51. Re6 Kf5 52. Re8 Ne3 53. Rf8+ Kg5
54. Rg8 Nd1+ 55. Ke1 Rxg8 56. Bxg8 Nc3 57. Bc4 1-0

[Event "Olimpiade 2024 - Donne"]
[Site "Budapest"]
[Date "16.09.2024"]
[Round "6.19"]
[Board "4"]
[White "Petricenco, Ana"]
[Black "Sivanandan, Bodhana"]
[Result "1/2-1/2"]
[WhiteTitle "WFM"]
[BlackTitle "WFM"]
[WhiteElo "1894"]
[BlackElo "2196"]
[WhiteTeam "Moldova"]
[BlackTeam "England"]
[WhiteFideId "13908596"]
[BlackFideId "497592"]
[EventDate "2024.09.11"]

1. e4 c6 2. d4 d5 3. e5 Bf5 4. Nf3 e6 5. Be2 c5 6. Be3 cxd4 7. Nxd4 Ne7 8. Nd2
Nbc6 9. N2f3 Bg4 10. c3 Bxf3 11. Nxf3 Nf5 12. Qd2 Qc7 13. Bb5 Nxe3 14. Qxe3 Be7
15. O-O O-O 16. Rfe1 Rfd8 17. h3 Rac8 18. Bd3 b6 19. Rad1 h6 20. Bb1 Bf8 21. Nd4
Nxd4 22. Qxd4 Qc4 23. Qxc4 Rxc4 24. Kf1 Rb8 25. Bd3 Rc7 26. Ke2 b5 27. Rc1 a6
28. Rf1 Rbc8 29. Rcd1 Bc5 30. f4 Rd8 31. Rf3 Rcd7 32. Bc2 b4 33. Ba4 Rc7 34. c4
d4 35. Kd3 f6 36. exf6 gxf6 37. Re1 Kf7 38. Bd1 Rg8 39. g4 Rcc8 40. Rff1 Ke7 41.
Bf3 Kd6 42. Re2 Rce8 43. Rfe1 e5 44. f5 Rg7 45. Rg1 a5 46. h4 a4 47. h5 Ra7 48.
Ra1 Rb8 49. Be4 Rg7 50. Bf3 1/2-1/2

[Event "Olimpiade 2024 - Donne"]
[Site "Budapest"]
[Date "16.09.2024"]
[Round "6.20"]
[Board "1"]
[White "Cramling, Pia"]
[Black "Pipiras, Filipa Fortuna"]
[Result "1-0"]
[WhiteTitle "GM"]
[BlackTitle "FM"]
[WhiteElo "2425"]
[BlackElo "2187"]
[WhiteTeam "Sweden"]
[BlackTeam "Portugal"]
[WhiteFideId "1700030"]
[BlackFideId "1944894"]
[EventDate "2024.09.11"]

1. d4 d5 2. c4 e6 3. Nf3 Nf6 4. e3 b6 5. Bd3 Bd6 6. O-O O-O 7. Nbd2 Bb7 8. Qc2
c5 9. dxc5 bxc5 10. e4 Nc6 11. cxd5 exd5 12. exd5 Nb4 13. Qb1 Nxd3 14. Qxd3 Bxd5
15. Nc4 Be7 16. Bf4 Qd7 17. b3 Rad8 18. Rfe1 Rfe8 19. Be5 h6 20. Rac1 Be6 21.
Qxd7 Rxd7 22. Na5 Nd5 23. Nc6 Bf8 24. h3 Nb4 25. Nxb4 cxb4 26. Nd4 Bd5 27. Nb5
a5 28. Nc7 Red8 29. Nxd5 Rxd5 30. Bf4 Ra8 31. Re2 f6 32. g4 a4 33. bxa4 Rda5 34.
Rcc2 Rxa4 35. Be3 Ra3 36. Rb2 Rb8 37. Bf4 Rb7 38. Re3 Rba7 39. Rxa3 bxa3 40. Rb8
Rd7 41. Kf1 Kf7 42. Ke2 Ra7 43. Rb5 Be7 44. Kd3 Rd7+ 45. Kc2 g5 46. Bd2 Rd4 47.
Be3 Re4 48. Kd3 Ra4 49. Rb7 Ke6 50. Ra7 Rxa7 51. Bxa7 Kd5 52. Bd4 Bd8 53. Ba1
Be7 54. Bc3 Bd8 55. Bb4 Bb6 56. f3 Ke5 57. Bxa3 Kf4 58. Ke2 Kg3 59. Bf8 Kxh3 60.
Bxh6 Kg3 61. Bf8 f5 62. Bd6+ f4 63. Be7 Kh4 64. Kd3 Ba5 65. Ke4 Bd2 66. a3 Bc1
67. Bb4 Be3 68. a4 Ba7 69. a5 Be3 70. Bd6 Ba7 71. Bc7 Kg3 72. Bd8 Kh4 73. Bb6
Bb8 74. a6 Kg3 75. a7 Bxa7 76. Bxa7 Kg2 77. Bc5 Kg3 78. Be7 1-0

[Event "Olimpiade 2024 - Donne"]
[Site "Budapest"]
[Date "16.09.2024"]
[Round "6.21"]
[Board "1"]
[White "Shuqja, Klean"]
[Black "Koskela, Niina"]
[Result "1-0"]
[WhiteTitle "WFM"]
[BlackTitle "WGM"]
[WhiteElo "2042"]
[BlackElo "2173"]
[WhiteTeam "Albania"]
[BlackTeam "Norway"]
[WhiteFideId "4701585"]
[BlackFideId "500755"]
[EventDate "2024.09.11"]

1. e4 e5 2. Nf3 Nc6 3. Bb5 a6 4. Ba4 Nf6 5. O-O Be7 6. Re1 b5 7. Bb3 d6 8. c3
O-O 9. h3 Nb8 10. d4 Nbd7 11. Nbd2 c5 12. Nf1 c4 13. Bc2 Re8 14. a4 Rb8 15. Ng3
g6 16. axb5 axb5 17. Be3 Bf8 18. d5 h5 19. Bg5 Be7 20. Qd2 Nh7 21. Be3 Qc7 22.
Ra7 Rb7 23. Ra8 Nc5 24. Rea1 Bf8 25. Ng5 Nxg5 26. Bxg5 Bg7 27. Be3 Kh7 28. Ne2
Bd7 29. R8a3 Kg8 30. Ng3 Bf6 31. Kh2 Rc8 32. Kg1 Qd8 33. Bxc5 Rxc5 34. Ra6 Bg5
35. Qe1 Qe7 36. Ra7 Rcc7 37. Rxb7 Rxb7 38. Ra8+ Be8 39. Qa1 Kf8 40. Qa3 Qc7 41.
Ra6 Be7 42. Nf1 Qd8 43. Ne3 Rb6 44. Ra8 Rb8 45. Ra6 Kg7 46. Bd1 Bf8 47. Ra7 Qf6
48. Qa5 Qd8 49. Qxd8 Rxd8 50. Nc2 Kg8 51. Rb7 Ra8 52. Na3 Bh6 53. Be2 Ra5 54.
Kh2 Bc1 55. h4 Kf8 56. g4 hxg4 57. Bxg4 Bxb2 58. Nxc4 bxc4 59. Rxb2 Bb5 60. Rb4
Ke7 61. Kg3 Ba6 62. Rb6 Ra3 63. Kg2 Ra5 64. Rb4 f5 65. exf5 gxf5 66. Bxf5 Rxd5
67. Rb6 Bb5 68. Be4 Rc5 69. h5 d5 70. h6 dxe4 71. h7 Rc8 72. Rxb5 Kf6 73. Kf1
Kg7 74. Rxe5 Kxh7 75. Rxe4 Kg6 76. Ke2 Kf5 77. f3 Rc7 78. Ke3 Rc8 79. f4 Rc7 80.
Re5+ Kf6 81. Kd4 Rc8 82. Rc5 Re8 83. Rxc4 Kf5 84. Kd3 Ra8 85. Rd4 Ra3 86. Kc4
Ra8 87. Kb3 Rb8+ 88. Kc2 Kg4 89. c4 Kf3 90. f5 Ke3 91. Rd5 Ke4 92. Kc3 Rb1 93.
f6 Rc1+ 94. Kb4 Rb1+ 95. Ka5 Ra1+ 96. Kb6 Rc1 97. Kb5 Rb1+ 98. Kc6 Rf1 99. Rd6
Ke5 100. c5 Rf2 101. Kc7 1-0

[Event "Olimpiade 2024 - Donne"]
[Site "Budapest"]
[Date "16.09.2024"]
[Round "6.21"]
[Board "2"]
[White "Stanford, Sheila Barth"]
[Black "Geske, Bruna"]
[Result "1-0"]
[WhiteTitle "WIM"]
[BlackTitle "WFM"]
[WhiteElo "2175"]
[BlackElo "2023"]
[WhiteTeam "Norway"]
[BlackTeam "Albania"]
[WhiteFideId "1500953"]
[BlackFideId "4701100"]
[EventDate "2024.09.11"]

1. e4 c5 2. Nf3 Nc6 3. Nc3 e5 4. Bc4 Be7 5. d3 d6 6. Nd2 Nf6 7. Nf1 O-O 8. Ne3
Be6 9. O-O Na5 10. Bd5 Nxd5 11. exd5 Bd7 12. Ne2 b5 13. f4 f5 14. b3 exf4 15.
Nxf4 Bf6 16. Rb1 Re8 17. Kh1 Bd4 18. Qf3 Qe7 19. Ne6 Bxe6 20. dxe6 g6 21. Nd5
Qg7 22. c3 Be5 23. b4 cxb4 24. d4 Bf6 25. Bh6 Qxh6 26. Nxf6+ Kg7 27. Nxe8+ Rxe8
28. cxb4 Nc4 29. Qb7+ Kh8 30. Qxb5 1-0

[Event "Olimpiade 2024 - Donne"]
[Site "Budapest"]
[Date "16.09.2024"]
[Round "6.21"]
[Board "3"]
[White "Caku, Kler"]
[Black "Ni, Viktorija"]
[Result "1/2-1/2"]
[WhiteTitle "WCM"]
[BlackTitle "WIM"]
[WhiteElo "1859"]
[BlackElo "2163"]
[WhiteTeam "Albania"]
[BlackTeam "Norway"]
[WhiteFideId "4704703"]
[BlackFideId "11602252"]
[EventDate "2024.09.11"]

1. e4 c5 2. Nf3 e6 3. d4 cxd4 4. Nxd4 Nf6 5. Nc3 Nc6 6. Ndb5 Bb4 7. a3 Bxc3+ 8.
Nxc3 d5 9. exd5 exd5 10. Bd3 O-O 11. O-O Bg4 12. Qd2 Ne5 13. f3 Bh5 14. f4 Nxd3
15. Qxd3 Re8 16. Qd4 Rc8 17. h3 Ne4 18. Be3 Ng3 19. Rfe1 Nf5 20. Qxd5 Nxe3 21.
Qxh5 Qd4 22. Kh1 Nxc2 23. Rxe8+ Rxe8 24. Rf1 Ne3 25. Re1 Qxf4 26. Nd5 Qg3 27.
Qe2 f5 28. Nxe3 f4 29. Qc4+ Kh8 30. Nc2 Rxe1+ 31. Nxe1 Qxe1+ 32. Kh2 Qg3+ 33.
Kh1 Qe1+ 34. Kh2 Qg3+ 35. Kh1 1/2-1/2

[Event "Olimpiade 2024 - Donne"]
[Site "Budapest"]
[Date "16.09.2024"]
[Round "6.22"]
[Board "1"]
[White "Rogule, Laura"]
[Black "Varela La Madrid, Tilsia Carolina"]
[Result "1-0"]
[WhiteTitle "WGM"]
[BlackTitle "WIM"]
[WhiteElo "2248"]
[BlackElo "2017"]
[WhiteTeam "Latvia"]
[BlackTeam "Venezuela"]
[WhiteFideId "11601876"]
[BlackFideId "3903001"]
[EventDate "2024.09.11"]

1. d4 d5 2. c4 e6 3. Nf3 Nf6 4. g3 Be7 5. Bg2 O-O 6. O-O c6 7. Qc2 b6 8. Nbd2
Na6 9. e4 Bb7 10. e5 Nd7 11. b3 Rc8 12. Bb2 c5 13. Rad1 Qc7 14. Qb1 cxd4 15.
Nxd4 dxc4 16. Nb5 Qb8 17. Bxb7 Qxb7 18. Nxc4 Rcd8 19. Ncd6 Qb8 20. Qe4 Nc7 21.
Nd4 f5 22. Qe2 Nxe5 23. N4xf5 Bxd6 24. Rxd6 Nf3+ 25. Qxf3 Rxd6 26. Qg4 Rd7 27.
Nxg7 Kf7 28. Re1 Re7 29. Nf5 Ke8 30. Nxe7 Kxe7 31. Qg7+ Ke8 32. Ba3 1-0

[Event "Olimpiade 2024 - Donne"]
[Site "Budapest"]
[Date "16.09.2024"]
[Round "6.23"]
[Board "1"]
[White "Alinasab, Mobina"]
[Black "Gomez Barrera, Javiera Belen"]
[Result "1-0"]
[WhiteTitle "WGM"]
[BlackTitle "WIM"]
[WhiteElo "2336"]
[BlackElo "2123"]
[WhiteTeam "Iran"]
[BlackTeam "Chile"]
[WhiteFideId "12528897"]
[BlackFideId "3418723"]
[EventDate "2024.09.11"]

1. e4 e5 2. Nf3 Nc6 3. Bb5 a6 4. Bxc6 dxc6 5. O-O Ne7 6. Nxe5 Qd4 7. Qh5 g6 8.
Nf3 Qxe4 9. Nc3 Qf4 10. d3 Qd6 11. Qh4 Nf5 12. Qe4+ Be7 13. Bf4 Qd8 14. Qe5 f6
15. Qxc7 g5 16. Qxd8+ Kxd8 17. Be3 Kc7 18. Nd4 Nxd4 19. Bxd4 Bf5 20. Rae1 Rae8
21. Rxe7+ Rxe7 22. Bxf6 Rhe8 23. Bxe7 Rxe7 24. f4 gxf4 25. Rxf4 Bg6 26. Kf2 Re5
27. g4 h5 28. h3 hxg4 29. hxg4 c5 30. Rf6 Be8 31. Ne4 Bd7 32. Kf3 c4 33. g5 cxd3
34. cxd3 Rd5 35. Ke3 Rb5 36. b3 Re5 37. g6 1-0

[Event "Olimpiade 2024 - Donne"]
[Site "Budapest"]
[Date "16.09.2024"]
[Round "6.24"]
[Board "1"]
[White "Narva, Mai"]
[Black "Lindiawati, Evi"]
[Result "1-0"]
[WhiteTitle "IM"]
[BlackTitle "WCM"]
[WhiteElo "2420"]
[BlackElo "1940"]
[WhiteTeam "Estonia"]
[BlackTeam "Indonesia"]
[WhiteFideId "4500512"]
[BlackFideId "7101449"]
[EventDate "2024.09.11"]

1. e4 d5 2. exd5 Qxd5 3. Nc3 Qd6 4. d4 a6 5. Nf3 Nf6 6. g3 Bg4 7. Bg2 Nc6 8. d5
Ne5 9. O-O O-O-O 10. Bf4 Nxf3+ 11. Bxf3 Bxf3 12. Qxf3 e5 13. dxe6 Qxe6 14. Rfe1
Qf5 15. Re5 Qh3 16. Re2 Qh5 17. Qxh5 Nxh5 18. Bg5 f6 19. Bd2 Bd6 20. Ne4 f5 21.
Ng5 h6 22. Nf7 Rde8 23. Rae1 Rxe2 24. Rxe2 Rf8 25. Nxd6+ cxd6 26. Re7 g5 27. Bb4
Rf6 28. Bc3 Rg6 29. Rf7 Re6 30. Rxf5 Kd7 31. Kg2 Ke7 32. Kf3 Rg6 33. Kg4 Ng7 34.
Bxg7 Rxg7 35. Kh5 Ke6 36. g4 Rc7 37. c3 Rc4 38. h3 b5 39. Kxh6 b4 40. Kxg5 bxc3
41. bxc3 Rxc3 42. h4 d5 43. h5 d4 44. h6 Rh3 45. Rf8 Ke7 46. Rf4 d3 47. Kg6 Rh4
48. Rd4 d2 49. f3 1-0